000 00590nam a22001817a 4500
005 20251108172238.0
008 250721s1998 xx 000 0 ara d
082 1 4 _a218.9/عبا
100 1 _aإبن عباد، أبو عبد الله محمد بن إبراهيم ...
245 1 0 _aالمفاخر العلية في المآثر الشاذلية /
264 1 _aد.م :
_bد.ن،
_c1998.
300 _a290ص
650 1 7 _aالتصوف الإسلامي
650 1 7 _aالشاذلية
700 1 _aعكور، عبد الله محمد
_eتحقيق
942 _2ddc
_cBK
999 _c74094
_d74094